| 000 | 00436cam a22001457a 4500 | ||
|---|---|---|---|
| 008 | 180718b1967 xxu||||| |||| 00| 0 eng d | ||
| 082 | _aA815x54 Ag15 | ||
| 100 | _aAgarwala, S.N. | ||
| 245 |
_aCorrected age data of the 1931 Indian census _cby S.N. Agarwala |
||
| 260 |
_aBombay _bAsia _c1967 |
||
| 300 | _a104p. | ||
| 440 | _aOccassional Paper No.7 | ||
| 650 | _aPopulation - Age distribution - India | ||
| 650 | _aCensus tracts - India | ||
| 999 |
_c357096 _d357096 |
||